[Event "6th Torneo del Vino"]
[Site "Montilla ESP"]
[Date "1976.08.16"]
[Round "1"]
[White "Bellon Lopez, Juan Manuel"]
[Black "Fraguela Gil, Jose Miguel"]
[Result "1-0"]
[WhiteElo "2475"]
[BlackElo "2380"]
[EventDate "1976.08.16"]
[PlyCount "71"]

1.d4 c5 2.d5 e5 3.Nc3 d6 4.e4 Nf6 5.f4 exf4 6.Bxf4 Be7 7.Nf3 O-O 8.Be2 Re8
9.O-O Nbd7 10.Nd2 Nf8 11.a4 Ng6 12.Bg3 Bf8 13.Ra3 Ne5 14.h3 Rb8 15.Nc4 
Nfd7 16.Ne3 g6 17.Qe1 a6 18.Qf2 Bh6 19.Ncd1 Qc7 20.Ng4 Bg7 21.Qf4 b5 22.
axb5 axb5 23.Bh4 c4 24.Nh6+ Bxh6 25.Qxh6 b4 26.Rg3 f6 27.Bxf6 Nxf6 28.Rxf6
Qe7 29.Rf4 Bd7 30.Ne3 Rbc8 31.Ng4 Bxg4 32.Bxg4 Nxg4 33.Rfxg4 Qe5 34.Rxg6+ 
hxg6 35.Rxg6+ Kf7 36.Qh7+ 1-0

[Event "6th Torneo del Vino"]
[Site "Montilla ESP"]
[Date "1976.08.16"]
[Round "1"]
[White "Calvo Minguez, Ricardo"]
[Black "Diez del Corral Rivas, Jesus"]
[Result "1-0"]
[WhiteElo "2435"]
[BlackElo "2490"]
[EventDate "1976.08.16"]
[PlyCount "81"]

1.d4 c5 2.d5 Nf6 3.c4 e5 4.Nc3 d6 5.e4 g6 6.Bd3 a6 7.Nge2 Bg7 8.f3 Nbd7 9.
Bg5 h6 10.Be3 h5 11.Qd2 h4 12.Bg5 Qc7 13.a4 Nh5 14.g3 h3 15.Be3 b6 16.O-O 
O-O 17.Kh1 Ndf6 18.g4 Nf4 19.Nxf4 exf4 20.Bxf4 Nd7 21.Bh6 Ne5 22.Be2 Qe7 
23.Rg1 Qh4 24.Bg5 Qf2 25.Qe3 Qxe3 26.Bxe3 f5 27.gxf5 gxf5 28.f4 Ng4 29.
Bxg4 fxg4 30.f5 Bxc3 31.bxc3 Kf7 32.Rxg4 Bd7 33.Bf4 Rg8 34.Rh4 Rh8 35.Rxh8
Rxh8 36.Bxd6 Rh4 37.Re1 Bxa4 38.e5 Bc2 39.e6+ Kf6 40.Bg3 Re4 41.d6 1-0

[Event "6th Torneo del Vino"]
[Site "Montilla ESP"]
[Date "1976.08.16"]
[Round "1"]
[White "Kavalek, Lubomir"]
[Black "Byrne, Robert"]
[Result "1/2-1/2"]
[WhiteElo "2540"]
[BlackElo "2540"]
[EventDate "1976.08.16"]
[PlyCount "28"]

1.d4 Nf6 2.c4 e6 3.Nc3 Bb4 4.Bg5 h6 5.Bh4 c5 6.d5 d6 7.f3 exd5 8.cxd5 O-O 
9.e4 Re8 10.Bb5 Nbd7 11.Ne2 a6 12.Ba4 b5 13.Bc2 Ne5 14.O-O Bd7 1/2-1/2

[Event "6th Torneo del Vino"]
[Site "Montilla ESP"]
[Date "1976.08.16"]
[Round "1"]
[White "Stean, Michael Francis"]
[Black "Pfleger, Helmut"]
[Result "1/2-1/2"]
[WhiteElo "2420"]
[BlackElo "2545"]
[EventDate "1976.08.16"]
[PlyCount "75"]

1.e4 c6 2.d4 d5 3.exd5 cxd5 4.c4 Nf6 5.Nc3 e6 6.Nf3 Be7 7.cxd5 Nxd5 8.Bd3 
Nc6 9.O-O Nf6 10.Re1 O-O 11.a3 b6 12.Ne5 Bb7 13.Ba6 Qc8 14.Bxb7 Qxb7 15.
Nxc6 Qxc6 16.d5 Qc4 17.Qe2 Qxe2 18.Rxe2 Rfe8 19.dxe6 fxe6 20.Bd2 Kf7 21.
Rae1 Rad8 22.Nb5 Rd7 23.Bc3 Nd5 24.Be5 Bc5 25.Rc2 a6 26.Rxc5 bxc5 27.Nd6+ 
Rxd6 28.Bxd6 c4 29.Kf1 Rc8 30.Be5 a5 31.Ke2 g5 32.Kd2 h5 33.Bd4 Rc6 34.Re5
Kg6 35.Be3 Kf6 36.Bd4 Kg6 37.Be3 Kf6 38.Bd4 1/2-1/2

[Event "6th Torneo del Vino"]
[Site "Montilla ESP"]
[Date "1976.08.17"]
[Round "2"]
[White "Karpov, Anatoly"]
[Black "Bellon Lopez, Juan Manuel"]
[Result "1-0"]
[WhiteElo "2695"]
[BlackElo "2475"]
[EventDate "1976.08.16"]
[PlyCount "113"]

1.e4 e5 2.Nf3 Nc6 3.Bb5 f5 4.Nc3 Nd4 5.Ba4 Nf6 6.exf5 Bc5 7.d3 c6 8.O-O d5
9.Nxe5 O-O 10.Ne2 Qa5 11.Bb3 Qc7 12.Nxd4 Qxe5 13.Ne2 Qxf5 14.Ng3 Qg6 15.d4
Bd6 16.c3 Ng4 17.f4 Qh6 18.h3 Qh4 19.Qe1 Nh6 20.Ne4 Qxe1 21.Rxe1 Bc7 22.
Ng5 Nf5 23.Nf3 Nd6 24.g4 g6 25.Ne5 Kg7 26.Bc2 Nf7 27.Kg2 Nd8 28.Rf1 c5 29.
dxc5 Ne6 30.Nd3 b6 31.cxb6 axb6 32.f5 Nc5 33.Be3 Ba6 34.Rad1 gxf5 35.Rxf5 
Rxf5 36.gxf5 Bxd3 37.Bxd3 Rxa2 38.Kf3 Rxb2 39.Bd4+ Kf8 40.Be2 Ne4 41.Ra1 
Ke7 42.Ra7 Kd6 43.h4 Bd8 44.Rxh7 Bf6 45.Ke3 Bxd4+ 46.cxd4 b5 47.h5 Rb1 48.
h6 Rh1 49.Bxb5 Rh3+ 50.Kf4 Rh4+ 51.Kf3 Ng5+ 52.Kg3 Rh3+ 53.Kg4 Nxh7 54.
Kxh3 Ke7 55.Bc6 Ng5+ 56.Kg4 Ne4 57.Bxd5 1-0

[Event "6th Torneo del Vino"]
[Site "Montilla ESP"]
[Date "1976.08.17"]
[Round "2"]
[White "Pfleger, Helmut"]
[Black "Diez del Corral Rivas, Jesus"]
[Result "1/2-1/2"]
[WhiteElo "2545"]
[BlackElo "2490"]
[EventDate "1976.08.16"]
[PlyCount "70"]

1.c4 Nf6 2.Nc3 g6 3.g3 Bg7 4.Bg2 d6 5.d4 O-O 6.Nf3 c6 7.O-O Bf5 8.b3 Ne4 
9.Bb2 Nxc3 10.Bxc3 Be4 11.Qd2 d5 12.Rac1 Nd7 13.Rfd1 e6 14.Bb4 Re8 15.Bd6 
f6 16.Qb4 Qb6 17.a4 Qxb4 18.Bxb4 g5 19.a5 a6 20.Ne1 Bxg2 21.Kxg2 f5 22.Bd6
Kf7 23.e3 Bf8 24.Bxf8 Rxf8 25.Nd3 Ke7 26.Rh1 Rab8 27.h4 g4 28.Ra1 Kd6 29.
Ra4 Nf6 30.Rb4 Nd7 31.Rc1 Rfe8 32.c5+ Kc7 33.Ne5 Nxe5 34.dxe5 h5 35.Rd1 
Rg8 1/2-1/2

[Event "6th Torneo del Vino"]
[Site "Montilla ESP"]
[Date "1976.08.17"]
[Round "2"]
[White "Stean, Michael Francis"]
[Black "Kavalek, Lubomir"]
[Result "1/2-1/2"]
[WhiteElo "2420"]
[BlackElo "2540"]
[EventDate "1976.08.16"]
[PlyCount "38"]

1.e4 c5 2.Nf3 d6 3.d4 cxd4 4.Nxd4 Nf6 5.Nc3 e6 6.Be2 Be7 7.O-O O-O 8.f4 
Nc6 9.Be3 a6 10.Kh1 Bd7 11.Qe1 b5 12.a3 Nxd4 13.Bxd4 Bc6 14.Qg3 Qb8 15.Bf3
Qb7 16.Rae1 Rad8 17.Re3 Kh8 18.Rfe1 Rg8 19.Nd1 Nd7 1/2-1/2

[Event "6th Torneo del Vino"]
[Site "Montilla ESP"]
[Date "1976.08.18"]
[Round "3"]
[White "Calvo Minguez, Ricardo"]
[Black "Karpov, Anatoly"]
[Result "1/2-1/2"]
[WhiteElo "2435"]
[BlackElo "2695"]
[EventDate "1976.08.16"]
[PlyCount "89"]

1.e4 e5 2.Nf3 Nc6 3.Bc4 Bc5 4.c3 Nf6 5.d3 d6 6.Nbd2 a6 7.O-O O-O 8.b4 Ba7 
9.Bb3 Ne7 10.Nc4 Ng6 11.Ne3 c6 12.Qc2 d5 13.c4 d4 14.Nf5 c5 15.a3 Bd7 16.
Bg5 h6 17.Bd2 Kh7 18.bxc5 Bxc5 19.Ba4 Be6 20.Rfb1 Rb8 21.Qc1 Ng8 22.g4 f6 
23.h3 Rf7 24.Ne1 Rc7 25.Qd1 N8e7 26.Ng2 Nh8 27.f4 Nf7 28.Nxe7 Qxe7 29.f5 
Bd7 30.h4 Bxa4 31.Qxa4 b5 32.cxb5 axb5 33.Qb3 Ra8 34.Qxb5 Rxa3 35.Rxa3 
Bxa3 36.Ne1 Nd6 37.Qd5 Qf7 38.Qxf7 Nxf7 39.Kf2 Nd6 40.Ke2 Kg8 41.g5 hxg5 
42.hxg5 g6 43.Rb8+ Kg7 44.gxf6+ Kxf6 45.fxg6 1/2-1/2

[Event "6th Torneo del Vino"]
[Site "Montilla ESP"]
[Date "1976.08.18"]
[Round "3"]
[White "Diez del Corral Rivas, Jesus"]
[Black "Fraguela Gil, Jose Miguel"]
[Result "1-0"]
[WhiteElo "2490"]
[BlackElo "2380"]
[EventDate "1976.08.16"]
[PlyCount "68"]

1.e4 c5 2.Nf3 e6 3.d3 d5 4.Nbd2 Nf6 5.g3 Nc6 6.Bg2 Be7 7.O-O O-O 8.Re1 Re8
9.e5 Nd7 10.Nf1 b5 11.h4 a5 12.h5 a4 13.h6 g6 14.N1h2 Ba6 15.Ng4 b4 16.Be3
c4 17.dxc4 Bxc4 18.b3 Bb5 19.Qd2 Ra6 20.Bg5 Bxg5 21.Nxg5 Qe7 22.Bxd5 exd5 
23.e6 fxe6 24.Rxe6 Qxe6 25.Nxe6 Rxe6 26.Qxd5 Na7 27.Re1 Kf7 28.bxa4 Bxa4 
29.Rxe6 Rxe6 30.Qd4 Re1+ 31.Kg2 Bc6+ 32.f3 Nb5 33.Qg7+ Ke6 34.Qxh7 Bxf3+ 
1-0

[Event "6th Torneo del Vino"]
[Site "Montilla ESP"]
[Date "1976.08.18"]
[Round "3"]
[White "Kavalek, Lubomir"]
[Black "Pfleger, Helmut"]
[Result "1/2-1/2"]
[WhiteElo "2540"]
[BlackElo "2545"]
[EventDate "1976.08.16"]
[PlyCount "23"]

1.e4 d6 2.d4 Nf6 3.Nc3 g6 4.f4 Bg7 5.Nf3 O-O 6.Be3 c6 7.Bd3 Nbd7 8.h3 c5 
9.d5 b5 10.Nxb5 c4 11.Bxc4 Nxe4 12.c3 1/2-1/2

[Event "6th Torneo del Vino"]
[Site "Montilla ESP"]
[Date "1976.08.18"]
[Round "3"]
[White "Pomar Salamanca, Arturo"]
[Black "Stean, Michael Francis"]
[Result "1/2-1/2"]
[WhiteElo "2430"]
[BlackElo "2420"]
[EventDate "1976.08.16"]
[PlyCount "53"]

1.Nf3 Nf6 2.d4 e6 3.c4 b6 4.g3 Ba6 5.Qa4 Bb7 6.Bg2 c5 7.O-O cxd4 8.Nxd4 
Bxg2 9.Kxg2 Qc8 10.Nc3 Na6 11.Rd1 Be7 12.h3 O-O 13.Be3 Nc5 14.Qc2 d6 15.
Rac1 a6 16.Kh2 Qb7 17.a4 Rac8 18.b3 d5 19.cxd5 Nce4 20.Nc6 Nxc3 21.Qxc3 
Ba3 22.d6 Bxc1 23.Rxc1 Nd5 24.Qc4 Qd7 25.Bd2 Qxd6 26.e4 Nc3 27.Qxc3 
1/2-1/2

[Event "6th Torneo del Vino"]
[Site "Montilla ESP"]
[Date "1976.08.19"]
[Round "4"]
[White "Byrne, Robert"]
[Black "Calvo Minguez, Ricardo"]
[Result "0-1"]
[WhiteElo "2540"]
[BlackElo "2435"]
[EventDate "1976.08.16"]
[PlyCount "74"]

1.e4 c5 2.Nf3 d6 3.d4 cxd4 4.Qxd4 a6 5.c4 Nc6 6.Qd2 g6 7.b3 Bg7 8.Nc3 Bg4 
9.Bb2 Bxf3 10.gxf3 Nd4 11.Bg2 e5 12.f4 Ne7 13.fxe5 dxe5 14.Nd5 O-O 15.O-O 
Nec6 16.f4 exf4 17.Rxf4 Be5 18.Rg4 b5 19.c5 Ra7 20.Rg3 f5 21.Rf1 fxe4 22.
Bxe4 Rxf1+ 23.Kxf1 Qh4 24.Re3 Rf7+ 25.Kg1 Bxh2+ 26.Qxh2 Rf1+ 27.Kxf1 Qxh2 
28.Bg2 h5 29.Re4 Qg3 30.Nf4 g5 31.Ne2 Nxe2 32.Rxe2 Nb4 33.Be5 Qd3 34.Bd6 
Nd5 35.Ke1 Ne3 36.Bb7 Qd1+ 37.Kf2 Ng4+ 0-1

[Event "6th Torneo del Vino"]
[Site "Montilla ESP"]
[Date "1976.08.19"]
[Round "4"]
[White "Stean, Michael Francis"]
[Black "Bellon Lopez, Juan Manuel"]
[Result "1-0"]
[WhiteElo "2420"]
[BlackElo "2475"]
[EventDate "1976.08.16"]
[PlyCount "119"]

1.c4 c5 2.Nf3 Nf6 3.Nc3 d6 4.g3 b6 5.Bg2 Bb7 6.O-O e6 7.b3 Be7 8.Bb2 O-O 
9.e3 a6 10.Qe2 Re8 11.Rfd1 Nbd7 12.d4 Qc7 13.Ne1 cxd4 14.Rxd4 Rad8 15.Rad1
Nc5 16.e4 Bc6 17.Nc2 Qb7 18.Nb4 e5 19.Nxc6 Qxc6 20.R4d2 Qb7 21.b4 Ne6 22.
Nd5 Nxd5 23.cxd5 Nd4 24.Bxd4 exd4 25.Rxd4 Rc8 26.Bh3 Rc7 27.Rc4 b5 28.Rxc7
Qxc7 29.Qd2 Bd8 30.Rc1 Qe7 31.Bg2 f5 32.exf5 Qe5 33.Bh3 Bf6 34.Bg4 Kf8 35.
Rc6 Qe4 36.Bh5 Re5 37.Rxd6 Qxf5 38.Be2 Be7 39.Rxa6 Rxd5 40.Qc3 Qe5 41.Ra8+
Kf7 42.Qf3+ Qf5 43.Qxf5+ Rxf5 44.a3 Bf6 45.Kg2 Bb2 46.Ra5 Ke7 47.Bxb5 Bd4 
48.f4 Rd5 49.Bd3 Rxa5 50.bxa5 h6 51.Kf3 Kd6 52.h4 Bg1 53.a6 Kc7 54.g4 Ba7 
55.g5 hxg5 56.hxg5 Bg1 57.Ke4 Ba7 58.a4 Bg1 59.f5 Bc5 60.f6 1-0

[Event "6th Torneo del Vino"]
[Site "Montilla ESP"]
[Date "1976.08.21"]
[Round "5"]
[White "Pomar Salamanca, Arturo"]
[Black "Pfleger, Helmut"]
[Result "1/2-1/2"]
[WhiteElo "2430"]
[BlackElo "2545"]
[EventDate "1976.08.16"]
[PlyCount "54"]

1.d4 Nf6 2.c4 e6 3.Nf3 d5 4.Nc3 c5 5.cxd5 exd5 6.g3 Nc6 7.Bg2 Be7 8.O-O 
O-O 9.b3 Ne4 10.Bb2 Bf6 11.Nxe4 dxe4 12.Nd2 Bxd4 13.Bxd4 cxd4 14.Nxe4 Bg4 
15.h3 Bh5 16.Rc1 Rc8 17.Qd2 Qe7 18.e3 Bg6 19.exd4 Bxe4 20.Rfe1 f5 21.f3 
Qd6 22.fxe4 Nxd4 23.Qd3 fxe4 24.Qxe4 Rcd8 25.Kh2 h6 26.Rcd1 Rf2 27.Rd3 Qc6
1/2-1/2

[Event "6th Torneo del Vino"]
[Site "Montilla ESP"]
[Date "1976.08.22"]
[Round "6"]
[White "Pomar Salamanca, Arturo"]
[Black "Bellon Lopez, Juan Manuel"]
[Result "0-1"]
[WhiteElo "2430"]
[BlackElo "2475"]
[EventDate "1976.08.16"]
[PlyCount "86"]

1.c4 e5 2.Nc3 Nf6 3.g3 Bb4 4.Qc2 O-O 5.Bg2 Re8 6.e3 c6 7.a3 Bxc3 8.bxc3 d5
9.cxd5 cxd5 10.Ne2 Nc6 11.O-O Bg4 12.f3 Be6 13.d3 Qd7 14.Rb1 Rac8 15.Qb2 
b6 16.Rd1 Qc7 17.e4 h6 18.Kh1 Red8 19.Be3 Na5 20.Rbc1 dxe4 21.fxe4 Nb3 22.
Rb1 Nc5 23.Qc2 Bd7 24.Bxc5 Qxc5 25.h3 Bc6 26.Rf1 Qxa3 27.g4 Qa4 28.Qxa4 
Bxa4 29.d4 Bc2 30.Ra1 Bd3 31.dxe5 Bxe2 32.Rfe1 Nh5 33.gxh5 Rd2 34.Rxa7 
Rxc3 35.Rb7 Rg3 36.Rb8+ Kh7 37.e6 fxe6 38.e5 Bd3 39.Bc6 Rxh3+ 40.Kg1 Rxh5 
41.Rd8 Rg5+ 42.Kh1 Rc2 43.Ba4 Rc4 0-1

[Event "6th Torneo del Vino"]
[Site "Montilla ESP"]
[Date "1976.08.23"]
[Round "7"]
[White "Bellon Lopez, Juan Manuel"]
[Black "Pfleger, Helmut"]
[Result "0-1"]
[WhiteElo "2475"]
[BlackElo "2545"]
[EventDate "1976.08.16"]
[PlyCount "170"]

1.e4 d6 2.g3 Nf6 3.Bg2 g6 4.b3 Bg7 5.Bb2 e5 6.Nc3 c5 7.d3 Nc6 8.Nf3 O-O 9.
O-O h6 10.Nd2 Nd4 11.Ne2 Bg4 12.f3 Be6 13.c3 Nc6 14.Nc4 d5 15.Ne3 d4 16.
cxd4 cxd4 17.Nc2 Qd7 18.f4 Nh7 19.fxe5 Bxe5 20.Qd2 g5 21.Rf2 Bg7 22.Raf1 
Rad8 23.Nb4 Ne7 24.Nc2 Nc6 25.Nb4 Nxb4 26.Qxb4 Rfe8 27.Rc1 Nf8 28.Qa3 Ng6 
29.Bf1 b6 30.Rc2 Rc8 31.Rxc8 Rxc8 32.Qb4 Rc2 33.Nc1 Rxf2 34.Kxf2 Ne5 35.
Be2 f5 36.exf5 Bxf5 37.Kg1 Qc6 38.g4 Bc8 39.Qa4 Qxa4 40.bxa4 Bxg4 41.Bxg4 
Nxg4 42.h3 Ne3 43.Nb3 Nc2 44.Kf2 Nb4 45.Nc1 Kf7 46.Kf3 Ke6 47.Ke4 Nc2 48.
Ne2 Be5 49.Ng1 h5 50.Nf3 Bf6 51.Nh2 Be5 52.Nf3 Bf6 53.Nh2 Nb4 54.Nf3 Nxa2 
55.Nxd4+ Kf7 56.Kf5 a5 57.Ba1 Nb4 58.Bc3 Nxd3 59.Nb5 Be7 60.Bd4 Nc5 61.Nc3
Bd8 62.Be3 g4 63.hxg4 hxg4 64.Kxg4 Ke6 65.Bd4 Nb3 66.Be3 Bf6 67.Nb5 Nc5 
68.Nc7+ Ke5 69.Kf3 Nxa4 70.Ke2 Ke4 71.Nb5 Be5 72.Kd2 Kd5 73.Kc2 Nc5 74.Na3
Kc6 75.Bd2 a4 76.Kb1 b5 77.Ka2 Ne4 78.Be1 Kc5 79.Nc2 Bf6 80.Ka3 Nc3 81.Nb4
Nd1 82.Na6+ Kc4 83.Bb4 Bg5 84.Ka2 Nc3+ 85.Kb2 Nd5 0-1

[Event "6th Torneo del Vino"]
[Site "Montilla ESP"]
[Date "1976.08.23"]
[Round "7"]
[White "Calvo Minguez, Ricardo"]
[Black "Pomar Salamanca, Arturo"]
[Result "1/2-1/2"]
[WhiteElo "2435"]
[BlackElo "2430"]
[EventDate "1976.08.16"]
[PlyCount "46"]

1.e4 c6 2.Nc3 d5 3.d4 dxe4 4.Nxe4 Bf5 5.Ng3 Bg6 6.h4 h6 7.Nf3 Nd7 8.h5 Bh7
9.Bd3 Bxd3 10.Qxd3 Qc7 11.Rh4 e6 12.Bf4 Bd6 13.Bxd6 Qxd6 14.Ne4 Qe7 15.Qa3
Qxa3 16.bxa3 Ke7 17.Nc5 Nxc5 18.dxc5 a5 19.Rb1 Rb8 20.Ne5 Nf6 21.Rd4 Rhc8 
22.g4 Rc7 23.f3 Nd7 1/2-1/2

[Event "6th Torneo del Vino"]
[Site "Montilla ESP"]
[Date "1976.08.23"]
[Round "7"]
[White "Fraguela Gil, Jose Miguel"]
[Black "Stean, Michael Francis"]
[Result "1/2-1/2"]
[WhiteElo "2380"]
[BlackElo "2420"]
[EventDate "1976.08.16"]
[PlyCount "24"]

1.c4 b6 2.Nf3 Bb7 3.e3 Nf6 4.b3 e6 5.Bb2 Be7 6.Be2 O-O 7.O-O d5 8.Nc3 a6 
9.Rc1 Nbd7 10.Qc2 Re8 11.Rfd1 Bf8 12.Qb1 Rc8 1/2-1/2

[Event "6th Torneo del Vino"]
[Site "Montilla ESP"]
[Date "1976.08.23"]
[Round "7"]
[White "Karpov, Anatoly"]
[Black "Byrne, Robert"]
[Result "1/2-1/2"]
[WhiteElo "2695"]
[BlackElo "2540"]
[EventDate "1976.08.16"]
[PlyCount "27"]

1.d4 Nf6 2.c4 e6 3.Nc3 Bb4 4.e3 O-O 5.Ne2 d5 6.a3 Be7 7.cxd5 exd5 8.Ng3 c5
9.Be2 Nc6 10.O-O cxd4 11.exd4 Be6 12.b4 Rc8 13.Qd3 Ne4 14.Ncxe4 1/2-1/2

[Event "6th Torneo del Vino"]
[Site "Montilla ESP"]
[Date "1976.08.24"]
[Round "8"]
[White "Bellon Lopez, Juan Manuel"]
[Black "Calvo Minguez, Ricardo"]
[Result "1/2-1/2"]
[WhiteElo "2475"]
[BlackElo "2435"]
[EventDate "1976.08.16"]
[PlyCount "32"]

1.d4 d5 2.c3 Nf6 3.Bg5 e6 4.e3 Be7 5.Bd3 b6 6.Nd2 Bb7 7.Ne2 Nbd7 8.O-O h6 
9.Bxf6 Nxf6 10.Ng3 h5 11.Re1 h4 12.Ngf1 Kf8 13.f4 g6 14.Nf3 Ne4 15.N1d2 
Kg7 16.Qc2 Nxd2 1/2-1/2

[Event "6th Torneo del Vino"]
[Site "Montilla ESP"]
[Date "1976.08.24"]
[Round "8"]
[White "Pomar Salamanca, Arturo"]
[Black "Diez del Corral Rivas, Jesus"]
[Result "1/2-1/2"]
[WhiteElo "2430"]
[BlackElo "2490"]
[EventDate "1976.08.16"]
[PlyCount "24"]

1.Nf3 g6 2.d4 Bg7 3.c4 d6 4.Nc3 Nf6 5.g3 O-O 6.Bg2 c6 7.O-O Bf5 8.Re1 Ne4 
9.Qb3 Nxc3 10.Qxc3 Be4 11.Bf4 d5 12.Qb4 Qd7 1/2-1/2

[Event "6th Torneo del Vino"]
[Site "Montilla ESP"]
[Date "1976.08.26"]
[Round "9"]
[White "Byrne, Robert"]
[Black "Stean, Michael Francis"]
[Result "1/2-1/2"]
[WhiteElo "2540"]
[BlackElo "2420"]
[EventDate "1976.08.16"]
[PlyCount "32"]

1.e4 c6 2.d4 d5 3.Nd2 dxe4 4.Nxe4 Nd7 5.Nf3 Ngf6 6.Nxf6+ Nxf6 7.Bc4 Bf5 8.
O-O e6 9.c3 Be7 10.Re1 Bg4 11.h3 Bxf3 12.Qxf3 O-O 13.Bf4 Nd5 14.Be5 Bf6 
15.Rad1 Bxe5 16.Rxe5 Qf6 1/2-1/2

[Event "6th Torneo del Vino"]
[Site "Montilla ESP"]
[Date "1976.08.26"]
[Round "9"]
[White "Diez del Corral Rivas, Jesus"]
[Black "Bellon Lopez, Juan Manuel"]
[Result "1/2-1/2"]
[WhiteElo "2490"]
[BlackElo "2475"]
[EventDate "1976.08.16"]
[PlyCount "206"]

1.e4 c5 2.Nf3 g6 3.d4 cxd4 4.Qxd4 f6 5.h4 Nc6 6.Qd1 d6 7.Nc3 Nh6 8.Be2 Bg7
9.Nh2 Be6 10.Be3 Nf7 11.Qd2 f5 12.exf5 gxf5 13.Nf3 Qa5 14.Nd4 Nxd4 15.Bxd4
Bxd4 16.Qxd4 Rg8 17.O-O-O O-O-O 18.Bc4 Rg6 19.h5 Rf6 20.Qxf6 exf6 21.Bxe6+
Rd7 22.Rd5 Qd8 23.Rxf5 Ne5 24.Nd5 Kb8 25.Bxd7 Nxd7 26.Rd1 a6 27.Ne3 Ne5 
28.Rf4 Ka7 29.Rfd4 Qg8 30.Kb1 Qe8 31.g4 Nf7 32.a3 Qe5 33.Rd5 Qe4 34.Rf5 
Nh6 35.Rxf6 Nxg4 36.f3 Qxe3 37.fxg4 Qg5 38.Rfxd6 Qxg4 39.h6 Qh5 40.b3 Qh4 
41.a4 Qh5 42.R1d5 Qh2 43.a5 Qh4 44.Kb2 Qh2 45.Rb6 Qf4 46.Rd7 Ka8 47.Rxh7 
Qd4+ 48.Ka2 Qd2 49.Rc7 Qxa5+ 50.Kb2 Qe5+ 51.Rc3 Ka7 52.Rb4 Qh5 53.Rcc4 
Qe5+ 54.Kb1 a5 55.Ra4 Qe1+ 56.Kb2 Qe5+ 57.Ka2 Qh2 58.Rxa5+ Kb8 59.Rb5 Qxh6
60.Rcb4 Qc1 61.Rc4 Qh6 62.Kb1 Qh1+ 63.Kb2 Qh8+ 64.c3 Qh2+ 65.Ka3 Qd6+ 66.
Rcb4 Kc8 67.Rb6 Qd2 68.Rd4 Qg5 69.Kb4 Kb8 70.Rbd6 Ka7 71.R4d5 Qh4+ 72.c4 
Qg3 73.Rd3 Qe1+ 74.Kb5 Qe8+ 75.Rd7 Qe4 76.c5 Qc6+ 77.Kb4 Qh1 78.Rd2 Qe4+ 
79.R7d4 Qf3 80.Ra2+ Kb8 81.Rd8+ Kc7 82.Rad2 Qe4+ 83.R2d4 Qe2 84.Rd3 Qe4+ 
85.Ka5 Qh1 86.R3d6 Qf1 87.b4 Qc4 88.R8d7+ Kb8 89.Re7 Qf1 90.Re8+ Ka7 91.
Re3 Qc1 92.Red3 Qc4 93.R3d4 Qa2+ 94.Kb5 Qe2+ 95.Rd3 Qa2 96.Re3 Kb8 97.Rb6 
Qd5 98.Ra3 Qf5 99.Rd6 Qe4 100.Rd8+ Kc7 101.Rad3 Qc6+ 102.Kc4 Qe6+ 103.R8d5
b6 1/2-1/2